| Tag |
First Indicator |
Second Indicator |
Subfields |
| LEADER |
00000cam a2200000 4500 |
| 001 |
in00000053926 |
| 005 |
20151008050912.0 |
| 008 |
741011s1939 nyu 00010 eng u |
| 010 |
|
|
|a 39025969
|
| 035 |
|
|
|a (OCoLC)01038297
|
| 035 |
|
|
|9 AAG4165AM
|
| 040 |
|
|
|c SYB
|d TXA
|d UtOrBLW
|
| 049 |
|
|
|a TXAM
|c 1 [108825]
|
| 050 |
0 |
0 |
|a HD3450.N6
|b C57
|
| 082 |
0 |
|
|a 334.0971614
|
| 092 |
|
|
|a 334.0971614
|b C652m
|
| 100 |
1 |
|
|a Coady, Moses M.
|
| 245 |
1 |
0 |
|a Masters of their own destiny ;
|b the story of the Antigonish movement of adult education through economic cooperation /
|c by M. M. Coady ...
|
| 250 |
|
|
|a [1st ed.].
|
| 264 |
|
1 |
|a New York,
|a London :
|b Harper and brothers,
|c 1939.
|
| 300 |
|
|
|a x, 170 pages ;
|c 22 cm.
|
| 336 |
|
|
|a text
|b txt
|2 rdacontent
|
| 337 |
|
|
|a unmediated
|b n
|2 rdamedia
|
| 338 |
|
|
|a volume
|b nc
|2 rdacarrier
|
| 610 |
1 |
0 |
|a St. Francis Xavier University.
|
| 650 |
|
0 |
|a Cooperation
|z Nova Scotia.
|
| 650 |
|
0 |
|a Adult education.
|
| 740 |
0 |
2 |
|a Antigonish movement of adult education.
|
| 999 |
|
|
|a MARS
|
| 999 |
f |
f |
|s 71315672-0127-324c-b230-38ab54f0f030
|i 4616bb97-60a4-3e88-a6a3-3db9b54dd7d3
|t 0
|
| 952 |
f |
f |
|p ric
|a Texas A&M University
|b Rellis Campus
|c Joint Library Facility
|d Remote Storage
|t 0
|e HD3450.N6 C57
|h Library of Congress classification
|i unmediated -- volume
|m A14800742439
|
| 998 |
f |
f |
|a HD3450.N6 C57
|t 0
|l Remote Storage
|